| 000 | 004140000a22001690004500 | ||
|---|---|---|---|
| 003 | MACL | ||
| 005 | 20151229140607.0 | ||
| 008 | 151229b xxu||||| |||| 00| 0 eng d | ||
| 040 |
_aMACL _cMACL |
||
| 041 | _aEnglish | ||
| 082 | _a100/MUK | ||
| 100 |
_aMukerji, A. C. _923928 |
||
| 245 | _aSelf Thought and Reality | ||
| 260 |
_bThe Indian Press _c1933 |
||
| 650 |
_aPhilosophy _923929 |
||
| 942 |
_cBK _k100/Muk _2ddc |
||
| 999 |
_c35067 _d35067 |
||